LEADER 01671nam0 22003131i 450 001 UON00179720 005 20231205103126.869 010 $a88-13-15853-X 100 $a20030730d1986 |0itac50 ba 101 $aita 102 $aIT 105 $a|||| 1|||| 200 1 $aˆLe ‰Nazioni Unite$fBenedetto Conforti 210 $aPadova$cCEDAM$d1986 215 $aXX, 317 p.$d26 cm 606 $aOnu$xOrdinamento interno$3UONC036525$2FI 606 $aOrganizzazioni internazionali$xDiritto- Manuali$3UONC036524$2FI 620 $aIT$dPadova$3UONL000153 700 1$aConforti$bBenedetto$3UONV101433$0132949 712 $aCedam$3UONV247039$4650 801 $aIT$bSOL$c20260313$gRICA 912 $aUON00179720 950 $aSIBA - SISTEMA BIBLIOTECARIO DI ATENEO E ARCHIVIO STORICO$dSI . $eSI SC 15892 5 950 $aSIBA - SISTEMA BIBLIOTECARIO DI ATENEO E ARCHIVIO STORICO$dSI . $eSI SC 21687 5 950 $aSIBA - SISTEMA BIBLIOTECARIO DI ATENEO E ARCHIVIO STORICO$dSI A 0059/ter $eSI SC 21685/a 5 0059/ter $sBuono 950 $aSIBA - SISTEMA BIBLIOTECARIO DI ATENEO E ARCHIVIO STORICO$dSI A 0059 $eSI SC 26698 5 0059 950 $aSIBA - SISTEMA BIBLIOTECARIO DI ATENEO E ARCHIVIO STORICO$dSI A 0059 bis $eSI SC 26699 5 0059 bis 996 $aNazioni Unite$9207266 997 $aUNIOR